000 00475cam a2200145 4500500
005 20251012032549.0
041 _afre
042 _adc
100 1 0 _aMorais, Ana Paiva
_eauthor
245 0 0 _aO contrato com o Invisivel no Texto Medieval : Navegação de São Brandão
260 _c2005.
500 _a14
786 0 _nSigila | 16 | 2 | 2005-12-20 | p. 43-52 | 1286-1715
856 4 1 _uhttps://shs.cairn.info/revue-sigila-2005-2-page-43?lang=fr&redirect-ssocas=7080
999 _c1547640
_d1547640